[Event "CAN-ch"]
[Site "Toronto CAN"]
[Date "1996.08.18"]
[Round "5"]
[White "Day, Lawrence"]
[Black "Horton, Joe"]
[Result "1-0"]
[WhiteElo "2400"]
[BlackElo "2325"]
[PlyCount "67"]
[EventDate "1996.08.14"]
[EventType "tourn"]
[EventRounds "15"]
[EventCountry "CAN"]
[EventCategory "4"]
[Source "CFC"]
[SourceDate "2002.12.??"]

1. e4 g6 2. Nc3 Bg7 3. f4 c5 4. Nf3 Nc6 5. Be2 e6 6. O-O Nge7 7. d3 d5 8. Qe1
Nd4 9. Bd1 O-O 10. Kh1 Rb8 11. a3 b5 12. e5 Nef5 13. b4 f6 14. exf6 Nxf3 15.
Bxf3 Qxf6 16. Bd2 Nd4 17. Rc1 c4 18. Ne2 Nxe2 19. Qxe2 c3 20. Be1 Bb7 21. Bg3
Rbe8 22. Rce1 h5 23. Bf2 Qxf4 24. Bc5 Qh4 25. Bxf8 Bxf8 26. g3 Qd4 27. Bg2 Bh6
28. Bh3 e5 29. Rf6 Kg7 30. Qf3 e4 31. Rf7+ Kg8 32. Rxb7 exf3 33. Rxe8+ Bf8 34.
Be6+ 1-0

[Event "CAN-ch"]
[Site "Toronto CAN"]
[Date "1996.08.18"]
[Round "5"]
[White "Frialde, Arniel"]
[Black "Teodoro, Eduardo"]
[Result "1-0"]
[WhiteElo "2332"]
[BlackElo "2290"]
[PlyCount "119"]
[EventDate "1996.08.14"]
[EventType "tourn"]
[EventRounds "15"]
[EventCountry "CAN"]
[EventCategory "4"]
[Source "CFC"]
[SourceDate "2002.12.??"]

1. d4 Nf6 2. Nf3 d5 3. g3 c5 4. Bg2 cxd4 5. O-O Nc6 6. Nxd4 Qb6 7. Nxc6 bxc6 8.
c4 e6 9. Nc3 Ba6 10. cxd5 Nxd5 11. Qa4 Rd8 12. Nxd5 exd5 13. Be3 Qb7 14. Rfc1
Rd6 15. Rc2 Be7 16. Qd4 O-O 17. Qxa7 Qxa7 18. Bxa7 Re6 19. e3 Ra8 20. Bd4 Bd3
21. Rc3 Bc4 22. b3 Ba6 23. Bf1 Bb7 24. a4 h5 25. Rc2 h4 26. g4 Re4 27. h3 Re6
28. a5 Ba6 29. Bxa6 Rxa6 30. Bb6 g6 31. Ra4 Kf8 32. Bc5 Ke8 33. Bxe7 Kxe7 34.
Kf1 Kd6 35. b4 Re4 36. Ke2 f5 37. f3 Re8 38. Kd3 Rf8 39. f4 fxg4 40. hxg4 g5
41. f5 Rh8 42. Rh2 Ke5 43. Rf2 Kf6 44. e4 dxe4+ 45. Kxe4 Rd8 46. Raa2 Ra7 47.
Rad2 Rb8 48. Rd6+ Kf7 49. Rd4 Rab7 50. Ke5 h3 51. Rh2 Rxb4 52. Rd7+ Ke8 53. Rh7
R8b5+ 54. Kf6 Rxg4 55. Re2+ Kd8 56. a6 Rh4 57. a7 Ra5 58. Rg7 h2 59. Rb2 Rxf5+
60. Kxf5 1-0

[Event "CAN-ch"]
[Site "Toronto CAN"]
[Date "1996.08.18"]
[Round "5"]
[White "Spraggett, Kevin"]
[Black "Gravel, Simon M"]
[Result "1-0"]
[WhiteElo "2530"]
[BlackElo "2452"]
[PlyCount "91"]
[EventDate "1996.08.14"]
[EventType "tourn"]
[EventRounds "15"]
[EventCountry "CAN"]
[EventCategory "4"]

1. e4 e5 2. Nf3 Nc6 3. Bb5 a6 4. Ba4 Nf6 5. d3 d6 6. c3 Be7 7. Nbd2 O-O 8. O-O
Re8 9. Re1 Bf8 10. Nf1 h6 11. h3 Bd7 12. Ng3 g6 13. d4 Qe7 14. Bc2 Bg7 15. Be3
Rad8 16. Qd2 Kh7 17. d5 Nb8 18. c4 Bc8 19. b4 Nbd7 20. Rac1 Nf8 21. Bd3 Nh5 22.
Nxh5 gxh5 23. c5 Ng6 24. cxd6 cxd6 25. Bb6 Rd7 26. Rc3 Nf4 27. Bf1 Qf8 28. Nh4
Rde7 29. Bc7 Bf6 30. Nf5 Bxf5 31. exf5 e4 32. Bxd6 Bxc3 33. Qxc3 Nxd5 34. Qd4
Nc7 35. Bxe7 Qxe7 36. f6 Qd8 37. Rxe4 Qxd4 38. Rxd4 Re1 39. Rd7 Rc1 40. Rxf7+
Kg6 41. Rd7 Kxf6 42. Rd6+ Ne6 43. h4 Ke5 44. Rb6 Ra1 45. Rxb7 Rxa2 46. Rb6 1-0

[Event "CAN-ch"]
[Site "Toronto CAN"]
[Date "1996.08.19"]
[Round "6"]
[White "Gravel, Simon M"]
[Black "Baragar, Fletcher"]
[Result "0-1"]
[WhiteElo "2452"]
[BlackElo "2305"]
[PlyCount "166"]
[EventDate "1996.08.14"]
[EventType "tourn"]
[EventRounds "15"]
[EventCountry "CAN"]
[EventCategory "4"]

1. e4 c5 2. Nf3 Nc6 3. d4 cxd4 4. Nxd4 Nf6 5. Nc3 d6 6. Bg5 e6 7. Qd2 a6 8.
O-O-O h6 9. Bf4 Bd7 10. Nb3 Ne5 11. Kb1 Be7 12. h3 b5 13. a3 Rc8 14. g4 Qc7 15.
Nc1 Qb7 16. Bd3 b4 17. axb4 Qxb4 18. N1a2 Qb7 19. Qe2 Rb8 20. Bc1 Nxd3 21. Rxd3
Bc6 22. f3 d5 23. Re1 dxe4 24. fxe4 Nd7 25. b3 O-O 26. Bb2 a5 27. Rd4 Bf6 28.
e5 Nxe5 29. Ne4 Bxe4 30. Rxe4 Nd7 31. Ra4 Bxb2 32. Kxb2 Qc7 33. Rc4 Qb6 34. g5
hxg5 35. h4 gxh4 36. Rxh4 f6 37. Qd3 Ne5 38. Qh7+ Kf7 39. Qh5+ Ke7 40. Rxe5
fxe5 41. Qg5+ Kd6 42. Qd2+ Kc7 43. Rc4+ Kb7 44. Qg2+ Ka7 45. Qxg7+ Ka8 46. Qxe5
Rfc8 47. Qe4+ Ka7 48. Nc3 Rxc4 49. Qxc4 Rd8 50. Qf4 Rd7 51. Qa4 Rb7 52. Qe4 Qd6
53. Qe2 Kb8 54. Nb5 Qd7 55. Qe5+ Ka8 56. Nd6 Qg7 57. Qxg7 Rxg7 58. Kc3 Rd7 59.
Nc4 Ra7 60. Kd4 Kb7 61. Ke5 Ra6 62. Nd2 Kc7 63. Nf3 Kd7 64. Kd4 Rd6+ 65. Kc4
Rd5 66. b4 Rf5 67. Nd4 Rf4 68. Kd3 e5 69. Nb3 axb4 70. Ke3 Kd6 71. Nd2 Kd5 72.
Nb3 Rh4 73. Nc1 Rh3+ 74. Kd2 Kc4 75. Na2 Rh2+ 76. Kd1 Rxc2 77. Nxb4 Rh2 78. Nc6
e4 79. Ke1 e3 80. Ne5+ Kd5 81. Ng4 Rh3 82. Ke2 Ke4 83. Ke1 Kf5 0-1

[Event "CAN-ch"]
[Site "Toronto CAN"]
[Date "1996.08.19"]
[Round "6"]
[White "Leveille, Francois"]
[Black "Spraggett, Kevin"]
[Result "1-0"]
[WhiteElo "2350"]
[BlackElo "2530"]
[PlyCount "87"]
[EventDate "1996.08.14"]
[EventType "tourn"]
[EventRounds "15"]
[EventCountry "CAN"]
[EventCategory "4"]
[Source "CFC"]
[SourceDate "2002.12.??"]

1. e4 c6 2. d4 d5 3. exd5 cxd5 4. c4 Nf6 5. Nc3 Nc6 6. Nf3 e6 7. cxd5 Nxd5 8.
Bd3 Bb4 9. O-O Bxc3 10. bxc3 Nxc3 11. Qc2 Nd5 12. Bxh7 Bd7 13. Be4 Nf6 14. Bg5
Qa5 15. Bxf6 gxf6 16. Rab1 f5 17. Bd3 Qc7 18. d5 exd5 19. Rfe1+ Be6 20. Bxf5
O-O-O 21. Bxe6+ fxe6 22. Rxe6 d4 23. Qd3 Kb8 24. g3 Ka8 25. h4 Qa5 26. a3 Rhf8
27. Kg2 Qd5 28. Re4 a6 29. Kg1 Rd7 30. Rbe1 Ka7 31. Ne5 Nxe5 32. Rxe5 Qf3 33.
Qxf3 Rxf3 34. Ra1 d3 35. Kg2 Rf6 36. Rd1 Rc6 37. Re3 Rc3 38. g4 Rxa3 39. h5 b5
40. h6 b4 41. g5 b3 42. g6 b2 43. g7 Ra1 44. Ree1 1-0

[Event "CAN-ch"]
[Site "Toronto CAN"]
[Date "1996.08.19"]
[Round "6"]
[White "Livshits, Ron"]
[Black "Frialde, Arniel"]
[Result "1-0"]
[WhiteElo "2390"]
[BlackElo "2332"]
[PlyCount "105"]
[EventDate "1996.08.14"]
[EventType "tourn"]
[EventRounds "15"]
[EventCountry "CAN"]
[EventCategory "4"]
[Source "CFC"]
[SourceDate "2002.12.??"]

1. e4 g6 2. d4 Bg7 3. c4 Nc6 4. Be3 d6 5. Nc3 e5 6. d5 Nce7 7. Qd2 f5 8. f3 Nf6
9. Bd3 O-O 10. Nge2 c6 11. h3 cxd5 12. cxd5 f4 13. Bf2 g5 14. O-O-O a6 15. Kb1
b5 16. Ka1 b4 17. Nb1 a5 18. Rc1 Bd7 19. Rhd1 Qb8 20. Qe1 a4 21. a3 bxa3 22.
Nxa3 Rf7 23. Rc4 Ng6 24. Rb4 Qe8 25. Rc1 Rb8 26. Rcc4 Rf8 27. Nc3 Rxb4 28. Rxb4
Qa8 29. Nc4 Rb8 30. Rxb8+ Qxb8 31. Nb6 Be8 32. Ncxa4 Ne7 33. Qa5 Qc7 34. Nc3
Nc8 35. Qa6 Ne7 36. Nc4 Nc8 37. Nb5 Bxb5 38. Qxb5 Bf8 39. Qc6 Qb8 40. Ka2 Be7
41. Na5 Kf7 42. Qb7 Qxb7 43. Nxb7 h5 44. Bb5 g4 45. b4 g3 46. Bg1 Bf8 47. Nd8+
Ke7 48. Nc6+ Kf7 49. Ba6 Ne7 50. b5 Nd7 51. b6 Nxb6 52. Bxb6 Ng6 53. Kb3 1-0

[Event "CAN-ch"]
[Site "Toronto CAN"]
[Date "1996.08.19"]
[Round "6"]
[White "Teodoro, Eduardo"]
[Black "Day, Lawrence"]
[Result "1/2-1/2"]
[WhiteElo "2290"]
[BlackElo "2400"]
[PlyCount "35"]
[EventDate "1996.08.14"]
[EventType "tourn"]
[EventRounds "15"]
[EventCountry "CAN"]
[EventCategory "4"]

1. e4 b6 2. d4 Bb7 3. Bd3 Nc6 4. c3 e5 5. Ne2 d5 6. O-O Nf6 7. Ng3 dxe4 8. Nxe4
Be7 9. Qf3 O-O 10. Nxf6+ Bxf6 11. Be4 Qd7 12. d5 Ne7 13. c4 Rad8 14. Nc3 Ng6
15. h3 Be7 16. g4 Ba6 17. b3 Kh8 18. Bb2 1/2-1/2

[Event "CAN-ch"]
[Site "Toronto CAN"]
[Date "1996.08.19"]
[Round "6"]
[White "Yoos, John"]
[Black "Taylor, Gordon"]
[Result "1-0"]
[WhiteElo "2335"]
[BlackElo "2340"]
[PlyCount "93"]
[EventDate "1996.08.14"]
[EventType "tourn"]
[EventRounds "15"]
[EventCountry "CAN"]
[EventCategory "4"]
[Source "CFC"]
[SourceDate "2002.12.??"]

1. e4 c5 2. Nf3 Nc6 3. d4 cxd4 4. Nxd4 g6 5. c4 Bg7 6. Be3 Nf6 7. Nc3 O-O 8.
Be2 d6 9. O-O Bd7 10. Qd2 Nxd4 11. Bxd4 Bc6 12. f3 a5 13. b3 Nd7 14. Be3 Nc5
15. Rab1 Qb6 16. Rfc1 Rfc8 17. Rc2 Qd8 18. Bf1 Qf8 19. a3 h5 20. b4 axb4 21.
axb4 Na4 22. Ne2 Kh7 23. Nd4 Bd7 24. Rbc1 Qh8 25. g3 Nb6 26. c5 dxc5 27. bxc5
Na4 28. Qb4 Nxc5 29. Rxc5 Rxc5 30. Qxc5 Rc8 31. Qxe7 Rxc1 32. Qxd7 Qc8 33. Qxf7
Rc7 34. Qa2 Rc3 35. Qd2 Ra3 36. Ne2 Qc4 37. Nf4 Qb3 38. Bc5 Ra1 39. Qd6 Qf7 40.
Ne6 Bh6 41. f4 Rc1 42. Bd4 Rc8 43. Bb5 Rc1+ 44. Kf2 Rc2+ 45. Ke3 Rc8 46. h4 Ra8
47. Bc4 1-0

[Event "CAN-ch"]
[Site "Toronto CAN"]
[Date "1996.08.20"]
[Round "7"]
[White "Baragar, Fletcher"]
[Black "Leveille, Francois"]
[Result "1/2-1/2"]
[WhiteElo "2305"]
[BlackElo "2350"]
[PlyCount "98"]
[EventDate "1996.08.14"]
[EventType "tourn"]
[EventRounds "15"]
[EventCountry "CAN"]
[EventCategory "4"]

1. d4 d5 2. c4 c6 3. Nf3 Nf6 4. Nc3 dxc4 5. a4 Bg4 6. Ne5 Bh5 7. f3 Nfd7 8.
Nxc4 e5 9. g3 Bb4 10. dxe5 O-O 11. Bh3 Qe7 12. f4 Rd8 13. Qc2 f6 14. e6 Nc5 15.
Ne3 Nxe6 16. Nf5 Qd7 17. Qe4 Bxc3+ 18. bxc3 Re8 19. O-O Kh8 20. Qc4 b5 21. axb5
cxb5 22. Qd3 Nc5 23. Qxd7 Nbxd7 24. g4 Bg6 25. Nd6 Rxe2 26. f5 Be8 27. Bg2 Rb8
28. Rxa7 Ne5 29. h3 Ncd3 30. Ba3 h6 31. Bd5 Bc6 32. Bxc6 Nxc6 33. Rc7 Nce5 34.
Nf7+ Nxf7 35. Rxf7 Ne5 36. Bd6 Nxf7 37. Bxb8 Re3 38. Rb1 Rxh3 39. Rxb5 Rxc3 40.
Kg2 Kh7 41. Bf4 Rd3 42. Rb7 Ng5 43. Bxg5 hxg5 44. Rb8 Ra3 45. Rf8 Ra6 46. Kf3
g6 47. Rf7+ Kh6 48. Kg3 gxf5 49. gxf5 Rb6 1/2-1/2

[Event "CAN-ch"]
[Site "Toronto CAN"]
[Date "1996.08.20"]
[Round "7"]
[White "Day, Lawrence"]
[Black "Livshits, Ron"]
[Result "1/2-1/2"]
[WhiteElo "2400"]
[BlackElo "2390"]
[PlyCount "111"]
[EventDate "1996.08.14"]
[EventType "tourn"]
[EventRounds "15"]
[EventCountry "CAN"]
[EventCategory "4"]
[Source "CFC"]
[SourceDate "2002.12.??"]

1. g3 g6 2. Bg2 Bg7 3. Nc3 d6 4. e4 c5 5. d3 Nc6 6. Nh3 Nf6 7. O-O O-O 8. f4
Ng4 9. Kh1 f5 10. Ng5 e6 11. exf5 gxf5 12. h3 Nf6 13. Re1 Re8 14. Be3 Nd4 15.
Rb1 h6 16. Nf3 Nd7 17. Bf2 Rb8 18. Nxd4 cxd4 19. Nb5 Qb6 20. a4 a6 21. Na3 Qc7
22. Nc4 Nb6 23. b3 Bd7 24. Nxb6 Qxb6 25. c4 Bc6 26. Qh5 Re7 27. Rg1 Rf8 28. Kh2
e5 29. Bxc6 Qxc6 30. Rg2 e4 31. Qd1 e3 32. Be1 Kh8 33. Bb4 Rf6 34. Ba3 Rfe6 35.
Qe2 Rf7 36. Rbg1 Qe8 37. Bb2 Kh7 38. Qh5 Rf8 39. Qf3 Qc6 40. Qe2 Qe8 41. g4 Bh8
42. gxf5 Rxf5 43. Rg8 Qxg8 44. Rxg8 Rxf4 45. Rg2 Be5 46. Kg1 Ref6 47. Ba3 a5
48. b4 Rf2 49. Rxf2 Rxf2 50. Qxf2 exf2+ 51. Kxf2 axb4 52. Bxb4 Kg6 53. Kf3 Kf5
54. Ba5 Bf6 55. Bc7 Be7 56. Bb6 1/2-1/2

[Event "CAN-ch"]
[Site "Toronto CAN"]
[Date "1996.08.20"]
[Round "7"]
[White "Frialde, Arniel"]
[Black "Jung, Hans"]
[Result "1/2-1/2"]
[WhiteElo "2332"]
[BlackElo "2215"]
[PlyCount "136"]
[EventDate "1996.08.14"]
[EventType "tourn"]
[EventRounds "15"]
[EventCountry "CAN"]
[EventCategory "4"]

1. d4 d5 2. Nf3 Nc6 3. g3 Bg4 4. Bg2 Qd7 5. c4 e6 6. cxd5 exd5 7. Nc3 Nge7 8.
O-O Bh3 9. Bxh3 Qxh3 10. Qb3 O-O-O 11. Bf4 f6 12. e4 dxe4 13. Nxe4 Nd5 14. Be3
h5 15. Rac1 Qg4 16. Nfd2 h4 17. f3 Qg6 18. Bf2 f5 19. Nc5 Na5 20. Qc2 hxg3 21.
Bxg3 Bxc5 22. Qxc5 b6 23. Qxc7+ Nxc7 24. Rxc7+ Kb8 25. Rxg7+ Qxg3+ 26. hxg3
Rxd4 27. Rf2 Rhd8 28. Nf1 Nc4 29. Rc2 Ne5 30. Rcc7 Nd7 31. Rc2 Nc5 32. Rf7 f4
33. g4 Ne6 34. Kf2 Rd3 35. Rc3 Rxc3 36. bxc3 Rd3 37. Rf6 Ng5 38. Ke2 Rxc3 39.
Rxf4 Rc2+ 40. Nd2 Rxa2 41. Rf5 Ne6 42. Rf6 Ng5 43. Rf5 Ne6 44. Re5 Nf4+ 45. Ke3
Ng2+ 46. Kd3 a5 47. Nc4 Rf2 48. Ke4 Re2+ 49. Kd5 Rxe5+ 50. Kxe5 Kc7 51. g5 Nh4
52. Kf6 a4 53. g6 Nxg6 54. Kxg6 b5 55. Na3 Kb6 56. f4 b4 57. Nc2 b3 58. Na3 Kc5
59. f5 Kb4 60. f6 Kxa3 61. f7 Kb2 62. f8=Q a3 63. Qf2+ Kb1 64. Qe1+ Kb2 65.
Qd2+ Kb1 66. Qd1+ Kb2 67. Qd2+ Kb1 68. Qc3 a2 1/2-1/2

[Event "CAN-ch"]
[Site "Toronto CAN"]
[Date "1996.08.21"]
[Round "8"]
[White "Horton, Joe"]
[Black "Baragar, Fletcher"]
[Result "0-1"]
[WhiteElo "2325"]
[BlackElo "2305"]
[PlyCount "64"]
[EventDate "1996.08.14"]
[EventType "tourn"]
[EventRounds "15"]
[EventCountry "CAN"]
[EventCategory "4"]

1. g3 d5 2. Bg2 Nf6 3. Nf3 c6 4. b3 Bg4 5. h3 Bh5 6. Bb2 e6 7. d3 Be7 8. Nbd2
O-O 9. e4 dxe4 10. dxe4 Bxf3 11. Qxf3 Qa5 12. a3 Nbd7 13. Qe2 e5 14. O-O Rfe8
15. f4 exf4 16. gxf4 Qh5 17. Rae1 Rad8 18. e5 Qxe2 19. Rxe2 Nh5 20. Kh2 Nc5 21.
Nc4 Ne6 22. Bc1 Bh4 23. f5 Nd4 24. Re4 Ng3 25. Rxh4 Nxf1+ 26. Bxf1 Nf3+ 27. Kg3
Nxh4 28. Bd3 Rxd3+ 29. cxd3 Nxf5+ 30. Kf4 Nd4 31. Be3 Nxb3 32. Bxa7 b5 0-1

[Event "CAN-ch"]
[Site "Toronto CAN"]
[Date "1996.08.21"]
[Round "8"]
[White "Jung, Hans"]
[Black "Day, Lawrence"]
[Result "1/2-1/2"]
[WhiteElo "2215"]
[BlackElo "2400"]
[PlyCount "161"]
[EventDate "1996.08.14"]
[EventType "tourn"]
[EventRounds "15"]
[EventCountry "CAN"]
[EventCategory "4"]
[Source "CFC"]
[SourceDate "2002.12.??"]

1. e4 c6 2. d4 d5 3. exd5 cxd5 4. Bd3 Nc6 5. c3 g6 6. Bf4 Bg7 7. Nf3 Bf5 8.
Bxf5 gxf5 9. O-O e6 10. Na3 Nge7 11. Ng5 Ng6 12. Qh5 Qd7 13. Bd2 O-O-O 14. Rfe1
Bf8 15. b4 Kb8 16. Nc2 Bd6 17. a4 Rdg8 18. Qe2 Qc7 19. Nf3 Bf4 20. Ne3 Rg7 21.
Kh1 Rhg8 22. g3 Bxe3 23. Bxe3 f6 24. Qd3 Ka8 25. Rab1 Qd6 26. Qe2 h5 27. c4
dxc4 28. Qxc4 Nb8 29. Bd2 e5 30. dxe5 fxe5 31. Be3 Qc6 32. Qxc6 Nxc6 33. b5 Na5
34. Rb4 e4 35. Nd4 Rf7 36. Ne6 h4 37. Rc1 hxg3 38. fxg3 b6 39. Rf1 Ne5 40. Nd4
Rgf8 41. Bh6 Re8 42. Rxf5 Rd7 43. Ne2 Nac4 44. Bf4 Rd1+ 45. Kg2 Re1 46. Nc3 e3
47. Bxe5 e2 48. Kh3 Rf1 49. Nxe2 Rxf5 50. Rxc4 Rfxe5 51. Nf4 Re4 52. Rc3 Rh8+
53. Kg2 Rxa4 54. h4 Rb4 55. Nd5 Rb2+ 56. Kh3 Kb7 57. Rc7+ Kb8 58. Rg7 Rxb5 59.
Ne7 Rc5 60. Ng6 Rd8 61. Nf4 Rc6 62. h5 a5 63. Ng6 a4 64. h6 Rh8 65. Nxh8 Rxh6+
66. Kg2 Rxh8 67. Rg4 b5 68. Rg5 Kc7 69. Rxb5 Ra8 70. Rb1 Kc6 71. g4 Kc5 72. Kg3
Kc4 73. g5 a3 74. Kg4 a2 75. Ra1 Kb3 76. g6 Kb2 77. Rxa2+ Kxa2 78. Kg5 Kb3 79.
g7 Kc4 80. Kg6 Kd5 81. Kh7 1/2-1/2

[Event "CAN-ch"]
[Site "Toronto CAN"]
[Date "1996.08.21"]
[Round "8"]
[White "Teodoro, Eduardo"]
[Black "Spraggett, Kevin"]
[Result "0-1"]
[WhiteElo "2290"]
[BlackElo "2530"]
[PlyCount "111"]
[EventDate "1996.08.14"]
[EventType "tourn"]
[EventRounds "15"]
[EventCountry "CAN"]
[EventCategory "4"]
[Source "CFC"]
[SourceDate "2002.12.??"]

1. e4 c6 2. d4 d5 3. e5 c5 4. c3 Nc6 5. dxc5 Nxe5 6. Nf3 Nc6 7. b4 Nf6 8. Bf4
e6 9. Bd3 Be7 10. O-O O-O 11. h3 a5 12. Nd4 Nxd4 13. cxd4 axb4 14. Bd2 b6 15.
Bxb4 bxc5 16. dxc5 e5 17. Nd2 Qc7 18. Nb3 Bd7 19. Re1 Rfe8 20. Qd2 Bd8 21. a3
Bc6 22. Re2 h6 23. Rae1 Ne4 24. Bxe4 dxe4 25. Qc3 f5 26. Rd2 Qf7 27. Rd6 Bd5
28. Na5 Bc7 29. Rd1 Bxd6 30. cxd6 Rad8 31. Qc5 Ba8 32. Bc3 Rc8 33. Qb4 Kh7 34.
Kh2 Rb8 35. Qc5 Qd7 36. Nc4 Rec8 37. Nxe5 Qb7 38. Qd4 e3 39. Nf3 Qd7 40. fxe3
Bxf3 41. gxf3 Rb3 42. Bb4 Rc2+ 43. Rd2 Rc1 44. Qe5 Rbb1 45. Qe7 Qc6 46. Kg3
Rg1+ 47. Kf4 Rgf1 48. e4 Rxb4 49. axb4 Qc3 50. Kxf5 Qxd2 51. d7 Rxf3+ 52. Ke6
Qa2+ 53. Kd6 Qa6+ 54. Kc7 Qa7+ 55. Kc6 Rc3+ 56. Kd5 0-1

[Event "CAN-ch"]
[Site "Toronto CAN"]
[Date "1996.08.21"]
[Round "8"]
[White "Yoos, John"]
[Black "Frialde, Arniel"]
[Result "1-0"]
[WhiteElo "2335"]
[BlackElo "2332"]
[PlyCount "55"]
[EventDate "1996.08.14"]
[EventType "tourn"]
[EventRounds "15"]
[EventCountry "CAN"]
[EventCategory "4"]
[Source "CFC"]
[SourceDate "2002.12.??"]

1. e4 g6 2. d4 Bg7 3. Nc3 c6 4. Bc4 d6 5. Qf3 e6 6. Nge2 Qe7 7. Bb3 Nd7 8. O-O
e5 9. Bg5 Ngf6 10. Rad1 h6 11. Bh4 g5 12. Bg3 h5 13. h4 Nh7 14. dxe5 dxe5 15.
hxg5 Nxg5 16. Qe3 h4 17. Bh2 Bh6 18. f4 Ne6 19. Qf3 exf4 20. Nxf4 Ne5 21. Qh5
Bg7 22. Qe2 Nxf4 23. Rxf4 Bh6 24. Rf5 Bxf5 25. exf5 Bg7 26. f6 Bxf6 27. Ne4 Nd7
28. Bd6 1-0

[Event "CAN-ch"]
[Site "Toronto CAN"]
[Date "1996.08.22"]
[Round "9"]
[White "Baragar, Fletcher"]
[Black "Teodoro, Eduardo"]
[Result "1-0"]
[WhiteElo "2305"]
[BlackElo "2290"]
[PlyCount "102"]
[EventDate "1996.08.14"]
[EventType "tourn"]
[EventRounds "15"]
[EventCountry "CAN"]
[EventCategory "4"]
[Source "CFC"]
[SourceDate "2002.12.??"]

1. c4 e5 2. Nc3 d6 3. g3 g6 4. Bg2 Bg7 5. d3 Ne7 6. e4 O-O 7. Nge2 Nd7 8. O-O
f5 9. d4 exd4 10. Nxd4 Ne5 11. Bg5 c6 12. Qb3 h6 13. Bxe7 Qxe7 14. exf5 gxf5
15. Nce2 Ng6 16. Rfe1 Qf7 17. f4 Re8 18. Qd3 Qf6 19. Rad1 Bd7 20. Nf3 Qxb2 21.
Qxd6 Be6 22. Rd2 Qf6 23. Qb4 b6 24. Red1 c5 25. Qa4 Rac8 26. Rd6 Bf8 27. R6d2
Bg7 28. Rd6 Qf7 29. Bf1 Bf8 30. Ne5 Nxe5 31. fxe5 Bxd6 32. exd6 Bd7 33. Qxa7
Ra8 34. Qxb6 Qh5 35. Qb7 Rad8 36. Qd5+ Be6 37. Qxc5 Bf7 38. Qf2 Bxc4 39. Rd2
Qg5 40. Nf4 Bxf1 41. Qxf1 Re4 42. Qf3 Rd7 43. Qb3+ Kh7 44. Qb5 Rg7 45. d7 Qxf4
46. d8=Q Re1+ 47. Kg2 Re3 48. Rf2 Rgxg3+ 49. Kf1 Re1+ 50. Kxe1 Qc1+ 51. Qd1
Rg1+ 1-0

[Event "CAN-ch"]
[Site "Toronto CAN"]
[Date "1996.08.22"]
[Round "9"]
[White "Day, Lawrence"]
[Black "Yoos, John"]
[Result "1-0"]
[WhiteElo "2400"]
[BlackElo "2335"]
[PlyCount "109"]
[EventDate "1996.08.14"]
[EventType "tourn"]
[EventRounds "15"]
[EventCountry "CAN"]
[EventCategory "4"]
[Source "CFC"]
[SourceDate "2002.12.??"]

1. e4 c5 2. Nc3 Nc6 3. f4 g6 4. Nf3 Bg7 5. a3 d6 6. Be2 e6 7. O-O Nge7 8. Qe1
O-O 9. d3 Rb8 10. Kh1 b5 11. Rb1 d5 12. Bd2 Bd7 13. b4 c4 14. dxc4 dxc4 15. e5
Nf5 16. Ne4 Ncd4 17. Nxd4 Nxd4 18. Bc3 Bc6 19. Nd6 Nxe2 20. Qxe2 Qc7 21. Rbd1
Rfd8 22. Bd4 Bd5 23. Qe3 Qc6 24. Rf2 a6 25. Bc5 Bf8 26. Kg1 f5 27. h3 Rd7 28.
Kh2 h5 29. Rfd2 Rg7 30. h4 Rc7 31. Qd4 Rd7 32. c3 Be7 33. Qf2 Bxd6 34. exd6 Rc8
35. Qd4 a5 36. Qe5 a4 37. Rxd5 exd5 38. Rxd5 Kh7 39. Bd4 Rb7 40. Rc5 Qd7 41.
Qf6 Re8 42. Re5 Qd8 43. Rxb5 Rd7 44. Qxd8 Rexd8 45. Be5 Kg8 46. Rc5 Kf7 47.
Rxc4 Ke6 48. Rd4 Rc8 49. c4 Rb7 50. Kg1 Kd7 51. Kf2 Rb6 52. Ke3 Rbc6 53. Kd3
Rb6 54. Kc3 Rb7 55. Rd5 1-0

[Event "CAN-ch"]
[Site "Toronto CAN"]
[Date "1996.08.22"]
[Round "9"]
[White "Frialde, Arniel"]
[Black "Taylor, Gordon"]
[Result "0-1"]
[WhiteElo "2332"]
[BlackElo "2340"]
[PlyCount "68"]
[EventDate "1996.08.14"]
[EventType "tourn"]
[EventRounds "15"]
[EventCountry "CAN"]
[EventCategory "4"]
[Source "CFC"]
[SourceDate "2002.12.??"]

1. d4 Nf6 2. Nf3 e6 3. c4 d5 4. g3 dxc4 5. Bg2 a6 6. O-O b5 7. Ne5 Nd5 8. e4
Nf6 9. Bg5 Be7 10. a4 Bb7 11. axb5 axb5 12. Rxa8 Bxa8 13. Nc3 c6 14. Qa1 Bb7
15. Qa7 Qc8 16. d5 O-O 17. dxe6 fxe6 18. Bh3 Na6 19. Be3 Kh8 20. Rd1 b4 21. Ne2
Qc7 22. Bb6 Qxe5 23. Qxb7 Bc5 24. Qxa6 Nxe4 25. Nf4 Nxf2 26. Bxc5 Qxc5 27. Nxe6
Nxh3+ 28. Kg2 Qf2+ 29. Kxh3 Qf5+ 30. Kg2 Qe4+ 31. Kg1 Qe3+ 32. Kg2 Rf2+ 33. Kh3
Qxe6+ 34. g4 Qe3+ 0-1

[Event "CAN-ch"]
[Site "Toronto CAN"]
[Date "1996.08.22"]
[Round "9"]
[White "Gravel, Simon M"]
[Black "Leveille, Francois"]
[Result "0-1"]
[WhiteElo "2452"]
[BlackElo "2350"]
[PlyCount "80"]
[EventDate "1996.08.14"]
[EventType "tourn"]
[EventRounds "15"]
[EventCountry "CAN"]
[EventCategory "4"]

1. b4 Nf6 2. Bb2 e6 3. a3 b6 4. e3 Bb7 5. f4 c5 6. b5 d5 7. Nf3 Nbd7 8. Be2 Bd6
9. O-O Qc7 10. a4 e5 11. fxe5 Nxe5 12. Nxe5 Bxe5 13. Bxe5 Qxe5 14. Nc3 O-O 15.
Bf3 Rad8 16. Qe1 d4 17. Bxb7 dxc3 18. dxc3 Ng4 19. Qh4 f5 20. Rae1 Nxe3 21. Qg5
Rde8 22. g3 Qxc3 23. Bc6 Nxf1 24. Rxe8 Rxe8 25. Bxe8 Qe3+ 26. Qxe3 Nxe3 27. c3
Kf8 28. Bh5 Ke7 29. Kf2 Nd5 30. c4 Nf6 31. Bf3 Kd6 32. Ke3 Ke5 33. Bd1 g6 34.
Be2 g5 35. Bf3 h6 36. h3 h5 37. Be2 g4 38. hxg4 hxg4 39. Bd3 Ne4 40. Bxe4 fxe4
0-1

[Event "CAN-ch"]
[Site "Toronto CAN"]
[Date "1996.08.22"]
[Round "9"]
[White "Spraggett, Kevin"]
[Black "Livshits, Ron"]
[Result "1/2-1/2"]
[WhiteElo "2530"]
[BlackElo "2390"]
[PlyCount "51"]
[EventDate "1996.08.14"]
[EventType "tourn"]
[EventRounds "15"]
[EventCountry "CAN"]
[EventCategory "4"]

1. e4 c5 2. Nf3 d6 3. d4 cxd4 4. Nxd4 Nf6 5. Nc3 a6 6. Be3 Ng4 7. Bg5 h6 8. Bh4
g5 9. Bg3 Bg7 10. Qd2 Nc6 11. Nb3 f5 12. exf5 Bxf5 13. Be2 Nge5 14. Nd5 O-O 15.
f4 gxf4 16. Nxf4 Ng6 17. Nh5 Bxb2 18. Rb1 Bg7 19. Nxg7 Kxg7 20. Nd4 Qa5 21.
Nxf5+ Rxf5 22. Rxb7 Qxa2 23. Qc3+ Nce5 24. Bxe5+ Rxe5 25. O-O Qd5 26. Bf3
1/2-1/2

[Event "CAN-ch"]
[Site "Toronto CAN"]
[Date "1996.08.23"]
[Round "10"]
[White "Horton, Joe"]
[Black "Gravel, Simon M"]
[Result "0-1"]
[WhiteElo "2325"]
[BlackElo "2452"]
[PlyCount "68"]
[EventDate "1996.08.14"]
[EventType "tourn"]
[EventRounds "15"]
[EventCountry "CAN"]
[EventCategory "4"]

1. g3 e5 2. c4 Nc6 3. Bg2 g6 4. Nc3 Bg7 5. Nf3 d6 6. d3 Nge7 7. O-O O-O 8. Bd2
h6 9. a3 g5 10. b4 Ng6 11. Ra2 f5 12. Nd5 Nce7 13. Ne1 f4 14. e3 c6 15. Nxe7+
Nxe7 16. b5 cxb5 17. cxb5 Be6 18. Ra1 Qd7 19. Rb1 Rac8 20. exf4 exf4 21. gxf4
gxf4 22. Kh1 Kh8 23. Rg1 Nd5 24. Qf3 Rc5 25. a4 Bg4 26. Qe4 Nf6 27. Qxf4 Nh5
28. Qe4 Rxf2 29. Bxh6 Bxh6 30. Nf3 Rcc2 31. Nh4 Nf6 32. Qd4 Bg5 33. Rbf1 Bxh4
34. Rxf2 Rxf2 0-1

[Event "CAN-ch"]
[Site "Toronto CAN"]
[Date "1996.08.23"]
[Round "10"]
[White "Jung, Hans"]
[Black "Spraggett, Kevin"]
[Result "0-1"]
[WhiteElo "2215"]
[BlackElo "2530"]
[PlyCount "80"]
[EventDate "1996.08.14"]
[EventType "tourn"]
[EventRounds "15"]
[EventCountry "CAN"]
[EventCategory "4"]

1. e4 c6 2. d4 d5 3. exd5 cxd5 4. Bd3 Nc6 5. c3 Nf6 6. Nf3 Bg4 7. h3 Bh5 8. Bf4
e6 9. Nbd2 Bg6 10. Bxg6 hxg6 11. Qe2 a6 12. a4 Be7 13. Ne5 Nxe5 14. Bxe5 Bd6
15. O-O Rc8 16. a5 Be7 17. Rfc1 O-O 18. b4 Nd7 19. Nb3 Nxe5 20. Qxe5 Bd6 21.
Qe2 Qc7 22. Nc5 Rfe8 23. Qd3 e5 24. Qc2 Rcd8 25. Kh1 Qc8 26. Re1 Bb8 27. dxe5
Rxe5 28. Rxe5 Bxe5 29. Re1 Bd6 30. Nb3 Bxb4 31. Rc1 Bd6 32. Qd3 Be5 33. Qe3 Bf6
34. Qb6 Re8 35. Qd6 Qf5 36. Kg1 Rc8 37. Qb6 Qf4 38. g3 Qc7 39. Qe3 Qd7 40. Kg2
Qb5 0-1